| 000 | 00758nam a2200229Ia 4500 | ||
|---|---|---|---|
| 003 | GCL | ||
| 008 | 140319s9999 xx 000 0 ara d | ||
| 040 |
_aGCL / _cGCL |
||
| 082 | 0 | 4 |
_a819 _bا ا |
| 100 | 1 | _aالجاحظ : ابوعثمان عمرو بن بحر محبوب | |
| 245 | 1 | 0 |
_aالبيان والتبيين / _cالجاحظ : ابوعثمان عمرو بن بحر محبوب |
| 260 |
_a[S.N] : _bدار الفكر للجميع ، _c1968 |
||
| 300 | _a4 مج فى 2 | ||
| 490 | _a | ||
| 650 | 0 | 4 | _aالشعر العربى |
| 650 | 0 | 4 | _aالادب العربى |
| 650 | 0 | 4 | _aالنثر العربى |
| 650 | 0 | 4 | _aالرسائل العربية |
| 650 | 0 | 4 | _aالبلاغة العربية |
| 650 | 0 | 4 | _aالمجموعات |
| 942 |
_2ddc _cBK |
||
| 999 |
_c58816 _d58816 |
||